Strafrecht und Systemunrecht : (Record no. 1555)

MARC details
000 -LEADER
fixed length control field 01561cam a2200445 i 4500
001 - CONTROL NUMBER
control field data
005 - DATE AND TIME OF LATEST TRANSACTION
control field 20260322212106.0
008 - FIXED-LENGTH DATA ELEMENTS--GENERAL INFORMATION
fixed length control field data
035 ## - SYSTEM CONTROL NUMBER
System control number 22739604
010 ## - LIBRARY OF CONGRESS CONTROL NUMBER
LC control number 2022450563
020 ## - INTERNATIONAL STANDARD BOOK NUMBER
International Standard Book Number 9783161588624
Qualifying information cloth
024 3# - OTHER STANDARD IDENTIFIER
Standard number or code 9783161588624
035 ## - SYSTEM CONTROL NUMBER
System control number (GyWOH)har220112792
040 ## - CATALOGING SOURCE
Original cataloging agency DLC
Language of cataloging eng
Description conventions rda
Transcribing agency DLC
041 1# - LANGUAGE CODE
Language code of text/sound track or separate title eng
-- eng
042 ## - AUTHENTICATION CODE
Authentication code pcc
043 ## - GEOGRAPHIC AREA CODE
Geographic area code e-gx---
050 00 - LIBRARY OF CONGRESS CALL NUMBER
Classification number KZ7000
Item number .S773 2022
245 00 - TITLE STATEMENT
Title Strafrecht und Systemunrecht :
Remainder of title Festschrift für Gerhard Werle zum 70. Geburtstag /
Statement of responsibility, etc. herausgegeben von Florian Jessberger, Moritz Vormbaum und Boris Burghardt.
264 #1 - PRODUCTION, PUBLICATION, DISTRIBUTION, MANUFACTURE, AND COPYRIGHT NOTICE
Place of production, publication, distribution, manufacture Tübingen :
Name of producer, publisher, distributor, manufacturer Mohr Siebeck,
Date of production, publication, distribution, manufacture, or copyright notice [2022]
300 ## - PHYSICAL DESCRIPTION
Extent xxix, 987 pages ;
Dimensions 24 cm
336 ## - CONTENT TYPE
Content type term text
Content type code txt
Source rdacontent
337 ## - MEDIA TYPE
Media type term unmediated
Media type code n
Source rdamedia
338 ## - CARRIER TYPE
Carrier type term volume
Carrier type code nc
Source rdacarrier
504 ## - BIBLIOGRAPHY, ETC. NOTE
Bibliography, etc. note Bibliography of Gerhard Werle (pages 973-981).
546 ## - LANGUAGE NOTE
Language note 44 German, 32 English contributions.
650 #0 - SUBJECT ADDED ENTRY--TOPICAL TERM
Topical term or geographic name entry element International criminal law.
650 #0 - SUBJECT ADDED ENTRY--TOPICAL TERM
Topical term or geographic name entry element Criminal law.
650 #0 - SUBJECT ADDED ENTRY--TOPICAL TERM
Topical term or geographic name entry element Criminal law
Geographic subdivision Germany.
700 1# - ADDED ENTRY--PERSONAL NAME
Personal name Werle, Gerhard,
Relator term honoree.
700 1# - ADDED ENTRY--PERSONAL NAME
Personal name Jessberger, Florian,
Relator term editor.
700 1# - ADDED ENTRY--PERSONAL NAME
Personal name Vormbaum, Moritz,
Relator term editor.
700 1# - ADDED ENTRY--PERSONAL NAME
Personal name Burghardt, Boris,
Relator term editor.
776 08 - ADDITIONAL PHYSICAL FORM ENTRY
International Standard Book Number 9783161610462
Relationship information e-book version
906 ## - LOCAL DATA ELEMENT F, LDF (RLIN)
a 7
b cbc
c origres
d 3
e ncip
f 20
g y-gencatlg
925 0# -
-- acquire
-- 1 shelf copy
-- JG
923 ## -
-- 20220727
-- 0285005
-- GyWOH
985 ## -
-- VENDOR LOAD
Holdings
Withdrawn status Lost status Damaged status Not for loan Home library Current library Shelving location Date acquired Total checkouts Full call number Barcode Date last seen Price effective from Koha item type
        Liberty Liberty General stacks 22/03/2026   KZ7000 LOC-LPL-00018 22/03/2026 22/03/2026 Books